| 000 | 00391nam a2200145Ia 4500 | ||
|---|---|---|---|
| 005 | 20250402004337.0 | ||
| 008 | 240331s9999 xx 000 0 und d | ||
| 082 |
_bULA _a894 |
||
| 245 | 0 | _aUlaikkappiranthavargal | |
| 260 |
_aChennai _bDurai Visvanathan _c1997 |
||
| 300 | _a495 p., | ||
| 500 | _aMalaiyaga Sirukadhaikalin irandavathu thoguthi | ||
| 700 |
_aVisvanathan,D. _eedt |
||
| 942 | _cL | ||
| 999 |
_c4228 _d4228 |
||